000 01347naa a22003977a 4500
001 BR6009763
003 BR-BrBNA
005 20240918173108.0
007 ta
008 230509b bl.||||| |||| 00| 0 por d
040 _aBR-BrBNA
_bpor
_cBiblioteca Nacional de Agricultura
041 _a(Pt)
072 _aF25
_b3240
_b3820
_b3830
_b3810
_b3840
_bGZ74
_bG514
090 _aF25 BR6009763
100 1 _aKnudson, D.
100 1 _aCorrea, H.
100 1 _aYahner, J.E.
111 1 _a2. Reuniao Brasileira de Cerrados
_cSete Lagoas, MG (Brazil)
_d1 Jun 1967
245 1 _aAdubacao de Eucalyptus saligna SM. em solos dos cerrados de Minas Gerais [NPK; Boro; Zinco; Brazil]
260 3 _aSete Lagoas, MG (Brasil):
_c1972.
500 _aAnais da 2. Reuniao Brasileira de Cerrados Sete Lagoas, MG (Brasil): 1972. p. 101-125 (BR6009763-AM)F25
650 _aFertilizante
650 _aEucalipto
650 _aFertilizante nitrogenado
650 _aFertilizante potassico
650 _aFertilizante fosfatado
650 _aBoro
650 _aZinco
650 _aCalagem
650 _aAnalise do solo
650 _aCerrado
650 _aMinas Gerais
773 0 _tAnais da 2. Reuniao Brasileira de Cerrados
_wF25 BR6009763
_gSete Lagoas, MG (Brasil), 1972. p. 101-125
909 _a202404
_bLucia
_c55
_dLucia Elande
942 _cAM
_2AGRIS
999 _c302845
_d302845